Українці і кримські татари: що спільного і що об'єднує (Запис № 442539)

МАРК-запис
000 -Лідер
fixed length control field 01332 a2200241 4500
003 - Ідентифікатор контрольного номера
control field UA-OsUOA
005 - Дата та час останнього входження (трансакції)
control field 20191105113006.0
008 - Елементи даних фіксованої довжини – загальна інформація
fixed length control field 191017b un ||||| |||| 00| 0 ukr d
040 ## - Джерело каталогізації
Агенція оригінальної каталогізації UA-OsUOA
Мова каталогізації ukr
Агенція, яка здійснювала перезапис UA-OsUOA
Агенція, яка здійснювала модифікацію UA-OsUOA
041 ## - Код мови
Код мови тексту/ звукової доріжки чи окремого заголовка (П) ukr
080 ## - Індекс Універсальної десяткової класифікації
Індекс Універсальної десяткової класифікації (УДК) (НП) 94(477+477.75)
090 ## - Локальний шифр розміщення
Класифікаційний індекс УДК 94(477+477.75)
Авторський знак (НП) Л67
100 ## - Основне введення – ім’я особи
Ім’я особи (НП) Ліщук Д.
245 ## - Відомості про назву
Назва (НП) Українці і кримські татари: що спільного і що об'єднує
Дані про відповідальність (НП) Дмитро Ліщук
260 ## - Публікація, розповсюдження і т.п. (Вихідні дані)
Дата публікації, розповсюдження і т.п. (П) 2014
Місце публікації, розповсюдження і т.п. (П) Чернівці
300 ## - Фізичний опис
Обсяг 76 с.
520 ## - Резюме і т.п.
Резюме, реферат, анотація, тощо (НП) У науково-популярному виданні викладено матеріали про історичну долю українців і кримських татар. Видання сприятиме поглибленню знань з історії України і Кримського ханства. Розраховане на науковців, педагогів, студентів та курсантів, учнів та усіх, хто цікавиться історичним минулим України.
591 ## - Дарувальник
Прізвище та ініціали особи Ліщук Д.
650 ## - Додаткове предметне введення – тематичний термін
Тематичний термін чи географічна назва, як елемент введення (НП) 94 Історія
942 ## - Додаткові елементи входу (Коха)
Тип елемента Koha Книги
Source of classification or shelving scheme Universal Decimal Classification
955 ## - Код типу видання за змістом
Код типу видання за змістом (НП) Науково-популярні видання
Фонди
Стан вилучень Стан втрат Джерело класифікації або схеми стелажів Стан уражень Не для кредиту Постійне місце розташування Поточне розміщення Дата придбання Джерело придбання Вартість, звичайна ціна покупки Усього замовленно Повний номер виклику Штрих-код Дата останнього перегляду Вартість, ціна заміни Ціна ефективна від Тип елемента Koha
    Universal Decimal Classification     ЧЗ - Читальна зала ЧЗ - Читальна зала 17/10/2019 № 41/01.10.2019 45.00   94(477+477.75) Л67 161818 07/02/2022 45.00 17/10/2019 Книги